Optimal reference shaping for dynamical systems : theory and applications /

Bibliographic Details
Main Author: Singh, Tarunraj (Author)
Corporate Author: Taylor & Francis
Format: eBook
Language:English
Published: Boca Raton : CRC Press, 2010.
Subjects:
Online Access:Connect to the full text of this electronic book

MARC

Tag First Indicator Second Indicator Subfields
LEADER 00000cam a2200000Ii 4500
001 in00004580921
006 m o d
007 cr |n|||||||||
008 180331s2010 flua ob 001 0 eng d
005 20220613175745.5
020 |a 9780429075414  |q (e-book : PDF) 
020 |z 9781439805626  |q (hardback) 
024 7 |a 10.1201/9781439805633   |2 doi 
035 |a (OCoLC)641617962 
035 |a 9780429075414 
050 4 |a TJ216  |b .S465 2010 
082 0 4 |a 629.83  |b S617 
100 1 |a Singh, Tarunraj.,  |e author. 
245 1 0 |a Optimal reference shaping for dynamical systems :  |b theory and applications /  |c Tarunraj Singh. 
264 1 |a Boca Raton :  |b CRC Press,  |c 2010. 
300 |a 1 online resource (xv, 401 pages) 
336 |a text  |b txt  |2 rdacontent 
337 |a computer  |b c  |2 rdamedia 
338 |a online resource  |b cr  |2 rdacarrier 
500 |a A Chapman and Hall book. 
505 0 |a Introduction -- Time-delay filter/input shaping -- Optimal control -- Saturating control -- Minimax control -- Friction control -- Numerical approach -- Van Loan exponential -- Differential Lyapunov equation -- Parseval's theorem. 
650 0 |a Feedback control systems. 
650 0 |a Dynamics. 
650 0 |a System theory. 
655 7 |a Electronic books.  |2 local 
710 1 |a Taylor & Francis. 
730 0 |a MATHnetBASE. 
776 0 8 |i Print version:   |z 9781439805626  |w (DLC) 2009031424 
856 4 0 |u http://proxy.library.tamu.edu/login?url=https://www.taylorfrancis.com/books/9781439805633  |z Connect to the full text of this electronic book  |t 0 
999 f f |s 28ab4114-b7d7-44cd-aae7-931df596c8d5  |i 28ab4114-b7d7-44cd-aae7-931df596c8d5  |t 0 
952 f f |a Texas A&M University  |b College Station  |c Electronic Resources  |d Available Online  |t 0  |e TJ216 .S465 2010  |h Library of Congress classification 
998 f f |a TJ216 .S465 2010  |t 0  |l Available Online